<?xml version="1.0" encoding="UTF-8"?>
<record
    xmlns:xsi="http://www.w3.org/2001/XMLSchema-instance"
    xsi:schemaLocation="http://www.loc.gov/MARC21/slim http://www.loc.gov/standards/marcxml/schema/MARC21slim.xsd"
    xmlns="http://www.loc.gov/MARC21/slim">

  <leader>01450nam a2200301 a 4500</leader>
  <controlfield tag="001"> 03809</controlfield>
  <controlfield tag="003">DO-SdBPM</controlfield>
  <controlfield tag="005">20250602112817.0</controlfield>
  <controlfield tag="007"> 03809</controlfield>
  <controlfield tag="008">150130s2006    sp ac         000 0 spa d</controlfield>
  <datafield tag="020" ind1=" " ind2=" ">
    <subfield code="a"> 8449431743</subfield>
  </datafield>
  <datafield tag="040" ind1=" " ind2=" ">
    <subfield code="a">DO-SdBPM</subfield>
    <subfield code="b">spa</subfield>
    <subfield code="c">BPMSU</subfield>
  </datafield>
  <datafield tag="082" ind1=" " ind2="4">
    <subfield code="a">R036 </subfield>
    <subfield code="b">P952a 2006</subfield>
    <subfield code="2">22</subfield>
  </datafield>
  <datafield tag="245" ind1="0" ind2="0">
    <subfield code="a">Priamia activa : </subfield>
    <subfield code="b">Plus /</subfield>
    <subfield code="c">Direcci&#xF3;n Jos&#xE9; Gay  ; direcci&#xF3;n Carlos Gispert  ; ilustraciones Javier Andrada </subfield>
  </datafield>
  <datafield tag="260" ind1=" " ind2=" ">
    <subfield code="a">Barcelona, Espa&#xF1;a  :</subfield>
    <subfield code="b">Grupo Oc&#xE9;ano, </subfield>
    <subfield code="c">2006</subfield>
  </datafield>
  <datafield tag="300" ind1=" " ind2=" ">
    <subfield code="a">6 v. :</subfield>
    <subfield code="b">il., retrs. ;</subfield>
    <subfield code="c">29 cm.</subfield>
  </datafield>
  <datafield tag="505" ind1="0" ind2=" ">
    <subfield code="a">Volumen 1 lenguaje.-- Matem&#xE1;ticas.-- Geometr&#xED;a.-- Astronom&#xED;a.-- Geograf&#xED;a f&#xED;sica.-- Geolog&#xED;a.-- Paleontolog&#xED;a.-- Cuerpo humano.-- Salud e higiene.-- Volumen 2 Bot&#xE1;nica.-- Zoolog&#xED;a.-- Pa&#xED;ses del mundo.-- Pueblos y culturas.-- Econom&#xED;a y sociedad.-- Transportes y comunicaciones.-- F&#xED;sica.-- Volumen 3 Qu&#xED;mica.-- computaci&#xF3;n.-- Internet.-- Tecnolog&#xED;a.-- Dise&#xF1;os y materiales.-- Historia universal.-- Historia de Am&#xE9;rica.-- Historia de la cultura.-- Banderas</subfield>
  </datafield>
  <datafield tag="590" ind1=" " ind2=" ">
    <subfield code="a">Inventariado, 2025/VM</subfield>
  </datafield>
  <datafield tag="650" ind1=" " ind2="4">
    <subfield code="a">Educaci&#xF3;n primaria </subfield>
    <subfield code="v">Diccionarios, enciclopedias, etc. </subfield>
    <subfield code="x"> </subfield>
  </datafield>
  <datafield tag="650" ind1=" " ind2="4">
    <subfield code="a"> Enciclopedias escolares</subfield>
    <subfield code="x"> </subfield>
  </datafield>
  <datafield tag="700" ind1="1" ind2=" ">
    <subfield code="a">Gay Jos&#xE9;   </subfield>
    <subfield code="e">direcci&#xF3;n </subfield>
  </datafield>
  <datafield tag="700" ind1="1" ind2=" ">
    <subfield code="a">Gispert Carlos </subfield>
    <subfield code="e">Direcci&#xF3;n </subfield>
  </datafield>
  <datafield tag="700" ind1="1" ind2=" ">
    <subfield code="a">Andrada  Javier </subfield>
    <subfield code="e">ilustraciones</subfield>
  </datafield>
  <datafield tag="710" ind1=" " ind2=" ">
    <subfield code="a">Grupo Oc&#xE9;ano </subfield>
  </datafield>
  <datafield tag="830" ind1=" " ind2="0">
    <subfield code="a">Proyecto S&#xE9;</subfield>
  </datafield>
  <datafield tag="910" ind1=" " ind2=" ">
    <subfield code="a">VMateo V. Control de calidad BPMSU </subfield>
  </datafield>
  <datafield tag="942" ind1=" " ind2=" ">
    <subfield code="2">ddc</subfield>
    <subfield code="c">BK</subfield>
  </datafield>
  <datafield tag="952" ind1=" " ind2=" ">
    <subfield code="0">0</subfield>
    <subfield code="1">0</subfield>
    <subfield code="2">ddc</subfield>
    <subfield code="4">0</subfield>
    <subfield code="7">0</subfield>
    <subfield code="8">CR-D</subfield>
    <subfield code="a">BPMET</subfield>
    <subfield code="b">BPMET</subfield>
    <subfield code="d">2025-06-02</subfield>
    <subfield code="l">0</subfield>
    <subfield code="o">BPMSU CDR R036  P952a 2006</subfield>
    <subfield code="p">BPMSU25060001</subfield>
    <subfield code="r">2025-06-02</subfield>
    <subfield code="t">v.1</subfield>
    <subfield code="w">2025-06-02</subfield>
    <subfield code="y">BK</subfield>
  </datafield>
  <datafield tag="952" ind1=" " ind2=" ">
    <subfield code="0">0</subfield>
    <subfield code="1">0</subfield>
    <subfield code="2">ddc</subfield>
    <subfield code="4">0</subfield>
    <subfield code="7">0</subfield>
    <subfield code="8">CR-D</subfield>
    <subfield code="a">BPMET</subfield>
    <subfield code="b">BPMET</subfield>
    <subfield code="d">2025-06-02</subfield>
    <subfield code="l">0</subfield>
    <subfield code="o">BPMSU CDR R036  P952a 2006</subfield>
    <subfield code="p">BPMSU25060002</subfield>
    <subfield code="r">2025-06-02</subfield>
    <subfield code="t">v.2</subfield>
    <subfield code="w">2025-06-02</subfield>
    <subfield code="y">BK</subfield>
  </datafield>
  <datafield tag="952" ind1=" " ind2=" ">
    <subfield code="0">0</subfield>
    <subfield code="1">0</subfield>
    <subfield code="2">ddc</subfield>
    <subfield code="4">0</subfield>
    <subfield code="7">0</subfield>
    <subfield code="8">CR-D</subfield>
    <subfield code="a">BPMET</subfield>
    <subfield code="b">BPMET</subfield>
    <subfield code="d">2025-06-02</subfield>
    <subfield code="l">0</subfield>
    <subfield code="o">BPMSU CDR R036  P952a 2006</subfield>
    <subfield code="p">BPMSU25060003</subfield>
    <subfield code="r">2025-06-02</subfield>
    <subfield code="t">v.3</subfield>
    <subfield code="w">2025-06-02</subfield>
    <subfield code="y">BK</subfield>
  </datafield>
  <datafield tag="952" ind1=" " ind2=" ">
    <subfield code="0">0</subfield>
    <subfield code="1">0</subfield>
    <subfield code="2">ddc</subfield>
    <subfield code="4">0</subfield>
    <subfield code="7">0</subfield>
    <subfield code="8">CR-D</subfield>
    <subfield code="a">BPMET</subfield>
    <subfield code="b">BPMET</subfield>
    <subfield code="d">2025-06-02</subfield>
    <subfield code="l">0</subfield>
    <subfield code="o">BPMSU CDR R036  P952a 2006</subfield>
    <subfield code="p">BPMSU25060004</subfield>
    <subfield code="r">2025-06-02</subfield>
    <subfield code="t">v.4</subfield>
    <subfield code="w">2025-06-02</subfield>
    <subfield code="y">BK</subfield>
  </datafield>
  <datafield tag="952" ind1=" " ind2=" ">
    <subfield code="0">0</subfield>
    <subfield code="1">0</subfield>
    <subfield code="2">ddc</subfield>
    <subfield code="4">0</subfield>
    <subfield code="7">0</subfield>
    <subfield code="8">CR-D</subfield>
    <subfield code="a">BPMET</subfield>
    <subfield code="b">BPMET</subfield>
    <subfield code="d">2025-06-02</subfield>
    <subfield code="l">0</subfield>
    <subfield code="o">BPMSU CDR R036  P952a 2006</subfield>
    <subfield code="p">BPMSU25060005</subfield>
    <subfield code="r">2025-06-02</subfield>
    <subfield code="t">v.5</subfield>
    <subfield code="w">2025-06-02</subfield>
    <subfield code="y">BK</subfield>
  </datafield>
  <datafield tag="952" ind1=" " ind2=" ">
    <subfield code="0">0</subfield>
    <subfield code="1">0</subfield>
    <subfield code="2">ddc</subfield>
    <subfield code="4">0</subfield>
    <subfield code="7">0</subfield>
    <subfield code="8">CR-D</subfield>
    <subfield code="a">BPMET</subfield>
    <subfield code="b">BPMET</subfield>
    <subfield code="d">2025-06-02</subfield>
    <subfield code="l">0</subfield>
    <subfield code="o">BPMSU CDR R036  P952a 2006</subfield>
    <subfield code="p">BPMSU25060006</subfield>
    <subfield code="r">2025-06-02</subfield>
    <subfield code="t">v.6</subfield>
    <subfield code="w">2025-06-02</subfield>
    <subfield code="y">BK</subfield>
  </datafield>
  <datafield tag="999" ind1=" " ind2=" ">
    <subfield code="c">15124</subfield>
    <subfield code="d">15124</subfield>
  </datafield>
</record>
